| 000 | 00871nam a2200241 i 4500 | ||
|---|---|---|---|
| 001 | 189145 | ||
| 003 | SpMaBN | ||
| 005 | 20250702193905.0 | ||
| 008 | 190410s1914 fr cf |||| | fre d | ||
| 080 | _a355.48(44)"1814" | ||
| 080 | _a9(44)"1814" | ||
| 100 | 1 |
_aFain, Agathon-Jean-François _cBaron. _9166806 |
|
| 245 | 1 | 0 |
_aSouvenir de la campagne de France _b: (manuscrit de 1814) / _cBaron Fain. |
| 250 |
_aNouvelle éd. _bpubliée avec une préface par G. Lenotre [seud.]. |
||
| 260 |
_aParis : _bPerrin et Cie., _c1914. |
||
| 300 |
_aXVIII, 260 p., [10] h. de lám. ; _c20 cm. |
||
| 500 | _aÍndice. | ||
| 594 | _aAutor tomado del prefacio. | ||
| 600 | 0 | 4 |
_aNapoleón _bI _c, Emperador de Francia. _984910 |
| 650 | 4 |
_a _9241203 |
|
| 852 |
_aES-MaACL _jL-32300 _z. - Donat. herederos de la bibl. de Mª del Pilar Costa Palacín |
||
| 999 |
_c189145 _d189145 |
||